000 00556nam a22001697a 4500
082 _a346.499104
_bSHA
_cN-01, p-156
100 _aMahmood. shaukat, Shaukat, Nadeem
_935283
245 _aThe registration act (xvi of 1908)
_cMahmood. shaukat, Shaukat, Nadeem
250 _a6th ed.
260 _aLahore
_bLegal Research Centre
_c2007
300 _avii, 359 p.:
526 _a0
_b0
_c0
_d346_499104000000000_SHA
526 _a0
_b0
_c0
_d346_499104000000000_SHA
650 _aNUST
_96342
700 _aMahmood. shaukat, Shaukat, Nadeem
_935283
942 _2ddc
_cBK
999 _c542567
_d542567